Faculty of Law Library — Cairo University

Official Online Catalog

الموسوعة الجنائية الحديثة فى شرح قانون العقوبات : (Record no. 76821)

MARC details
000 -LEADER
fixed length control field 01613nam a2200325 i 4500
003 - CONTROL NUMBER IDENTIFIER
control field EG-GICUC
005 - DATE AND TIME OF LATEST TRANSACTION
control field 20260513184942.0
008 - FIXED-LENGTH DATA ELEMENTS--GENERAL INFORMATION
fixed length control field 260513s2009 ua ||||fr|||| 00| 0 ara d
040 ## - CATALOGING SOURCE
Original cataloging agency EG-GICUC
Language of cataloging ara
Transcribing agency EG-GICUC
Modifying agency EG-GICUC
Description conventions rda
041 ## - LANGUAGE CODE
Language code of text/sound track or separate title ara
Language code of original ara
082 04 - DEWEY DECIMAL CLASSIFICATION NUMBER
Edition number 21
Classification number 343.1
Item number إ ي . م
092 04 - LOCALLY ASSIGNED DEWEY CALL NUMBER (OCLC)
Edition number 21
099 ## - LOCAL FREE-TEXT CALL NUMBER (OCLC)
Classification number Law1 10 343.1 إ ي . م 2009
100 0# - MAIN ENTRY--PERSONAL NAME
Personal name إيهاب عبدالمطلب
Relator term مؤلف.
245 12 - TITLE STATEMENT
Title الموسوعة الجنائية الحديثة فى شرح قانون العقوبات :
Remainder of title طبقاً لأحدث التعديلات الصادرة بالقانون رقم 95/2003 والقانون رقم 147/2006 معلقاً عليه بأراء الفقه وأحكام محكمة النقض منذ تاريخ إنشائها حتى عام 2007 /
Statement of responsibility, etc. تأليف إيهاب عبدالمطلب.
Number of part/section of a work المجلد الرابع،
264 #1 - PRODUCTION, PUBLICATION, DISTRIBUTION, MANUFACTURE, AND COPYRIGHT NOTICE
Place of production, publication, distribution, manufacture لا يوجد مكان للنشر :
Name of producer, publisher, distributor, manufacturer لا يوجد ناشر محدد،
Date of production, publication, distribution, manufacture, or copyright notice 2009.
300 ## - PHYSICAL DESCRIPTION
Extent 900 صفحة ;
Dimensions 25 سم.
336 ## - CONTENT TYPE
Source rda content
Content type term text
337 ## - MEDIA TYPE
Source rda media
Media type term Computer
338 ## - CARRIER TYPE
Source rda carrier
Carrier type term Online Resource
490 ## - SERIES STATEMENT
Series statement الموسوعة الجنائية الحديثة فى شرح قانون العقوبات :
Volume/sequential designation المجلد الرابع
504 ## - BIBLIOGRAPHY, ETC. NOTE
Bibliography, etc. note يشتمل على إرجاعات ببليوجرافية.
546 ## - LANGUAGE NOTE
Language note النص باللغة العربية
650 1# - SUBJECT ADDED ENTRY--TOPICAL TERM
Topical term or geographic name entry element القانون الجنائي
Source of heading or term qrmak
650 1# - SUBJECT ADDED ENTRY--TOPICAL TERM
Topical term or geographic name entry element قانون العقوبات القسم العام
Source of heading or term qrmak
651 1# - SUBJECT ADDED ENTRY--GEOGRAPHIC NAME
Source of heading or term qrmak
856 40 - ELECTRONIC LOCATION AND ACCESS
Uniform Resource Identifier <a href="https://fll.law.cu.edu.eg/fulltext/bks/B10-12118.pdf">https://fll.law.cu.edu.eg/fulltext/bks/B10-12118.pdf</a>
905 ## - Cataloger and Reviser Names
Cataloger Name: Gomana
942 ## - ADDED ENTRY ELEMENTS (KOHA)
Source of classification or shelving scheme Dewey Decimal Classification
Suppress in OPAC No
Koha item type Books
Edition 21
Holdings
Withdrawn status Lost status Source of classification or shelving scheme Materials specified (bound volume or other part) Damaged status Not for loan Collection Home library Current library Date acquired Total checkouts Full call number Barcode Date last seen Copy number Price effective from Koha item type
    Dewey Decimal Classification V4   Not for loan القانون الجنائي جــــامعة القــاهرة مكتبة كلية الحقوق - المبنى الرئيسي 13.05.2026   Law1 10 343.1 إ ي . م 2009 1012118 V4, C1 B10-12118 13.05.2026 1 13.05.2026 Books

© All rights reserved — Faculty of Law, Cairo University